000 00886nam a2200265Ia 4500
003 OSt
005 20221005104418.0
006 a|||||r|||| 00| 0
007 ta
008 221004b |||||||| |||| 00| 0 hin d
020 _a9788126318926 (hbk)
_c195
024 _a121532
037 _b13336, 23/07/2012, Kitab Ghar
_cTextual
040 _aCRL
_cCRL
_bhin
041 _2hin
_ahin
082 _aO152,6N592x, Q0
100 _aगिल, गगन
245 0 _aदिल्ली में उनींदे
246 _aDillī mean unīande
260 _aदिल्ली
_bभारतीय ज्ञानपीठ भारत
_c2010
300 _a218पृ0
_ccm.
650 _aहिन्दी साहित्य
942 _hO152,6N592x, Q0
_cTEXL
_2cc
999 _c1012644
_d1012644